00468 2200181 4500001002100000005001500021008004100036020002200077035001900099041000700118082000800125090001400133100002100147245004100168260002900209300002800238650002000266INLIS00000000000286220241224112620241224||||||||| | ||| |||| || |  a978-602-7888-52-4 0010-1224002862 aid0 a813 a813 DES k0 aDesi Puspitasari00aKutemukan Engkau di Setiap Tahajudku aYogyakartabBunyanc2013 a19x13 cm, vi, 174 hlm.; 0aSastra -- Novel